[Event "Sao Jose de Rio Preto 160 Anos"]
[Site "Sao Jose do Rio Preto"]
[Date "2012.03.24"]
[Round "3"]
[White "Cabral, Anthony"]
[Black "Custodio, Leandro"]
[Result "0-1"]
[WhiteElo "1738"]
[BlackElo "1847"]
[PlyCount "50"]
[EventDate "2012.03.23"]
[EventType "swiss"]
[EventRounds "6"]
[EventCountry "BRA"]
[SourceTitle "CBM 147 Extra"]
[Source "ChessBase"]
[SourceDate "2012.04.24"]
[SourceVersion "1"]
[SourceVersionDate "2012.04.24"]
[SourceQuality "1"]

1. e4 d6 2. d4 Nf6 3. Nc3 g6 4. Be3 Bg7 5. Nf3 0-0 6. g3 Nc6 7. Bg2 Ng4 8. Qd2 Nxe3 9. Qxe3 e5 10. dxe5 Nxe5 11. Nxe5 Bxe5 12. 0-0 Be6 13. f4 Bg7 14. Rfd1 Re8 15. e5 Bg4 16. Bxb7 Bxd1 17. Bxa8 Qxa8 18. Rxd1 dxe5 19. fxe5 Bxe5 20. Qc5 Qf3 21. Rf1 Qg4 22. Kg2 Bxc3 23. bxc3 Re2+ 24. Rf2 Qe4+ 25. Kf1 Re1# 0-1

[Event "Sao Jose de Rio Preto 160 Anos"]
[Site "Sao Jose do Rio Preto"]
[Date "2012.03.23"]
[Round "2"]
[White "Martins, Carlos"]
[Black "Cabral, Anthony"]
[Result "1-0"]
[WhiteElo "2250"]
[BlackElo "1738"]
[PlyCount "65"]
[EventDate "2012.03.23"]
[EventType "swiss"]
[EventRounds "6"]
[EventCountry "BRA"]
[SourceTitle "CBM 147 Extra"]
[Source "ChessBase"]
[SourceDate "2012.04.24"]
[SourceVersion "1"]
[SourceVersionDate "2012.04.24"]
[SourceQuality "1"]

1. e4 c5 2. Nf3 Nc6 3. d4 cxd4 4. Nxd4 Nf6 5. Nc3 e5 6. Ndb5 d6 7. Nd5 Nxd5 8. exd5 a6 9. dxc6 axb5 10. cxb7 Bxb7 11. Bxb5+ Ke7 12. 0-0 Qb6 13. a4 g6 14. Re1 Bg7 15. Be3 Qc7 16. Ra3 Rhc8 17. Qg4 f5 18. Qh4+ Kf7 19. Rc3 Qa5 20. b4 Qd8 21. Qxd8 Rxd8 22. Rc7+ Kf8 23. Rxb7 Rac8 24. Bg5 Rb8 25. Be7+ Kg8 26. Bc4+ Kh8 27. Rxb8 Rxb8 28. Bxd6 Rd8 29. Rxe5 Rxd6 30. Re8+ Bf8 31. Rxf8+ Kg7 32. Rf7+ Kh6 33. g3 1-0